[Event "SLO-sf"]
[Site "?"]
[Date "1994.??.??"]
[Round "?"]
[White "Truta, Srecko"]
[Black "Jazbinsek, Sebastjan"]
[Result "1-0"]
[WhiteElo "2260"]
[BlackElo "2055"]

1.Nf3 Nf6 2.c4 e6 3.g3 d5 4.Bg2 Be7 5.d4 c6 6.Qc2 Nbd7 7.O-O O-O 8.Nbd2 Re8
9.e4 dxe4 10.Nxe4 Nxe4 11.Qxe4 Bf6 12.Ne5 Nf8 13.Be3 Ng6 14.f4 Bd7 15.Rad1 Qc7
16.h4 Ne7 17.h5 Nf5 18.Bf2 Rad8 19.g4 Nd6 20.Qe2 Nc8 21.Be4 g6 22.Kg2 c5
23.dxc5 Bxe5 24.fxe5 Qxe5 25.Bh4 Bc6 26.Bxd8 Bxe4+ 27.Kh3 f5 28.Bf6 Qxc5
29.g5 Nd6 30.Qf2 Qc6 31.b3 Nf7 32.Rd2 e5 33.hxg6 hxg6 34.Kh2 Nh6 35.Rg1 Ng4+
36.Rxg4 fxg4 37.Qh4 g3+ 38.Kxg3 Kf7 39.Re2 Bh1 40.Qh7+ Ke6 41.Rxe5+ Kd6 42.c5+  1-0

[Event "Wch U26"]
[Site "Sofia"]
[Date "1994.??.??"]
[Round "2"]
[White "Stamenkovic, Zoran"]
[Black "Ospanov, Arman"]
[Result "1-0"]
[WhiteElo "2405"]
[BlackElo "2295"]

1.d4 Nf6 2.c4 e6 3.g3 d5 4.Bg2 Be7 5.Nf3 O-O 6.O-O dxc4 7.Qc2 a6 8.a4 Nc6
9.Qxc4 Qd5 10.Nbd2 Rd8 11.e3 Bd7 12.b3 Qh5 13.Bb2 b5 14.axb5 axb5 15.Qe2 Bb4
16.h3 Rab8 17.Rfc1 Rb6 18.Rc2 Na5 19.Bc3 Bxc3 20.Rxc3 Nd5 21.Rcc1 Nc6 22.Rc5 Qg6
23.e4 Nf6 24.Rac1 Qh6 25.Nf1 Be8 26.Rd1 Qg6 27.Nh4 Qh6 28.d5 Na5 29.dxe6 Rxd1
30.exf7+ Bxf7 31.Qxd1 Rd6 32.Qa1 Nxb3 33.Qa8+ Ne8 34.Nf5 Qe6 35.Rxc7 Ra6
36.Qd8 Qf6 37.Re7 Kf8 38.g4 h6 39.e5 Qb6 40.Rxf7+ Kxf7 41.Qe7+ Kg8 42.Qxe8+ Kh7  1-0

[Event "Solin"]
[Site "Solin"]
[Date "1994.??.??"]
[Round "11"]
[White "Horvath, Jozsef"]
[Black "Cvorovic, Drazen"]
[Result "0-1"]
[WhiteElo "2515"]
[BlackElo "2435"]

1.d4 Nf6 2.c4 e6 3.g3 d5 4.Bg2 Be7 5.Nf3 O-O 6.O-O a5 7.Nc3 Ra6 8.Ne5 dxc4
9.Nxc4 Nc6 10.e3 Nd5 11.Qe2 Qd7 12.Rb1 Rd8 13.Rd1 Qe8 14.Bd2 Nxc3 15.Bxc3 Bb4
16.e4 Bf8 17.Ne3 Na7 18.Qc4 b5 19.Qe2 b4 20.Be1 Nb5 21.d5 e5 22.Nc2 c5 23.dxc6 Rxc6
24.Rxd8 Qxd8 25.Rd1 Qb6 26.Bf1 Ba6 27.Ne3 Nd4 28.Qxa6 Qxa6 29.Bxa6 Rxa6 30.Nc4 f6
31.Kg2 Rc6 32.Nxa5 Rc2 33.Nb3 Nxb3 34.axb3 Rxb2 35.Rd3 Bc5 36.Rd5 Bd4 37.Rb5 Bc3
38.Bxc3 bxc3 39.b4 h5 40.Kf3 c2 41.Rc5 Rb3+ 42.Kg2 Rxb4 43.Rxc2 Rxe4 44.h4 Kf7
45.Rc7+ Kg6 46.Ra7 Re1 47.Kf3 Rb1 48.Rc7 Rb8 49.Ra7 Rf8 50.Rb7 Rf7 51.Rb8 Kf5
52.Rh8 g6 53.Rg8 Ra7 54.Kg2 Ra2 55.Rg7 Ra8 56.Kf3 e4+ 57.Kg2 e3 58.fxe3 g5
59.hxg5 fxg5 60.Kh3 Ra3 61.g4+ Kf6 62.Rb7 Rxe3+ 63.Kh2 h4 64.Rb5 Rg3 65.Rb4 Ke5
66.Ra4 Re3 67.Ra1 Kf4 68.Rg1 Rf3 69.Rg2 Rf1  0-1

[Event "St Petersburg op"]
[Site "St Petersburg"]
[Date "1994.??.??"]
[Round "5"]
[White "Vaulin, Alexander"]
[Black "Kiriakov, Petr"]
[Result "1/2-1/2"]
[WhiteElo "2560"]
[BlackElo "2470"]

1.c4 e6 2.g3 Nf6 3.Bg2 d5 4.Nf3 Be7 5.d4 O-O 6.Nc3 dxc4 7.Ne5 Qd6 8.Nxc4 Qa6
9.Qb3 Nc6 10.e3 Bd7 11.O-O Rab8 12.a4 Na5 13.Nxa5 Qxa5 14.Bd2 Bb4 15.e4 Bc6
16.Rfd1 h6 17.f3 Rfd8 18.Be3 Rbc8 19.Nb5 Bxb5 20.axb5 Qxb5 21.d5 c5 22.dxe6 Rxd1+
23.Qxd1 fxe6 24.Rxa7 Qb6 25.Qa4 Rd8 26.Ra8 Kf7 27.Rxd8 Qxd8 28.Bf1 Nd7 29.Qa7 Qc8
30.Kg2 Qc6 31.Qa8 c4 32.Bd4 Nf6 33.Qa7 Nd7 34.Qa8 Nf6 35.Qa7 Nd7  1/2-1/2

[Event "Rilton Cup9495"]
[Site "Stockholm"]
[Date "1994.??.??"]
[Round "1"]
[White "Gleizerov, Evgeny"]
[Black "Zetterstroem, Gunnar"]
[Result "1-0"]
[WhiteElo "2545"]
[BlackElo "2560"]

1.d4 Nf6 2.c4 e6 3.g3 d5 4.Bg2 Be7 5.Nf3 O-O 6.O-O c6 7.Nc3 b6 8.Ne5 Nfd7
9.cxd5 Nxe5 10.dxe5 exd5 11.Nxd5 Bb7 12.Nxe7+ Qxe7 13.Qd6 Qxd6 14.exd6 Bc8
15.Bf4 Bd7 16.Rac1 a5 17.a3 a4 18.Rc3 Ra7 19.Rfc1 Re8 20.Be3 f5 21.b4 axb3
22.Rxb3 Rb7 23.Rxb6 Rxb6 24.Bxb6 Rxe2 25.a4 Re8 26.a5 Bc8 27.Bc7  1-0

[Event "SVK-chT"]
[Site "?"]
[Date "1994.??.??"]
[Round "?"]
[White "Matejov, J."]
[Black "Hudoba, Ondrej"]
[Result "0-1"]
[WhiteElo "2110"]
[BlackElo "2170"]

1.Nf3 d5 2.d4 Nf6 3.c4 e6 4.g3 Be7 5.Bg2 O-O 6.O-O dxc4 7.Ne5 c5 8.dxc5 Bxc5
9.Qxd8 Rxd8 10.Nc3 Nc6 11.Nxc6 bxc6 12.Bxc6 Rb8 13.Bb5 e5 14.Bxc4 Bh3 15.Re1 Ng4
16.e3 Bb4 17.f3 Rbc8 18.Be2 Rxc3 19.bxc3 Bxc3 20.Rb1 Bxe1 21.fxg4 Ba5 22.Kf2 Bb6
23.Rb3 h6 24.Bb2 Rd2 25.Bxe5 Rxa2 26.Rb2 Ra4 27.Bd4 Bxd4 28.exd4 Rxd4 29.Rb8+ Kh7
30.Rb7 a5 31.Ke3 Rb4 32.Bd3+ Kg8 33.Ra7 g6 34.Rxa5 Bxg4 35.Ra8+ Kg7 36.Ra7 g5
37.Be4 Be6 38.h4 Rb3+ 39.Kf2 gxh4 40.gxh4 Rh3 41.Bf3 Rxh4 42.Kg3 Rb4 43.Bh5 Kf6
44.Rc7 Rb3+ 45.Kf4 Rh3 46.Bf3 Rh4+ 47.Kg3 Kg5 48.Rc5+ f5 49.Re5 Bd7 50.Rd5 Bc6
51.Rd8 Rc4 52.Rg8+ Kf6 53.Rf8+ Ke5 54.Bxc6 Rxc6 55.Re8+ Re6 56.Ra8 Rd6 57.Re8+ Kf6
58.Rf8+ Kg5 59.Rg8+ Rg6 60.Rf8 h5 61.Kf3 h4 62.Rh8 Rg7 63.Rf8 Rg6 64.Rh8 Rh6
65.Rg8+ Kf6 66.Rf8+ Ke5 67.Re8+ Kd4 68.Re2 h3 69.Rh2 Ke5 70.Re2+ Kf6 71.Rh2 Kg5
72.Kg3 Rh8 73.Rxh3 Rxh3+ 74.Kxh3 Kf4 75.Kg2 Ke3 76.Kf1 Kf3 77.Kg1 Ke2 78.Kg2 f4  0-1

[Event "SVK-chT"]
[Site "?"]
[Date "1994.??.??"]
[Round "11"]
[White "Konopka, Michal"]
[Black "Travenec, Igor"]
[Result "0-1"]
[WhiteElo "2425"]
[BlackElo "2235"]

1.Nf3 Nf6 2.c4 e6 3.g3 d5 4.d4 Be7 5.Bg2 c6 6.O-O O-O 7.Qc2 Nbd7 8.Nc3 Re8
9.b3 Bf8 10.Rd1 a6 11.e4 dxe4 12.Nxe4 Qa5 13.Bf4 Nxe4 14.Qxe4 c5 15.d5 Nf6
16.Qc2 exd5 17.cxd5 Bg4 18.h3 Bh5 19.d6 Rad8 20.Rac1 Bg6 21.Qxc5 Qxa2 22.Qb6 Bc2
23.Rd2 Qxb3 24.Be3 Nd7 25.Qxb3 Bxb3 26.Rb1 Ba4 27.Rxb7 h6 28.Nd4 Nc5 29.Ra7 Rxd6
30.Ra2 Rd7 31.Rxd7 Bxd7 32.Nc2 Bb5 33.Nd4 Bd3 34.Nc6 Ne4 35.Kh2 Re6 36.Nd4 Re8
37.Nc6 f5 38.Bd4 Rc8 39.Ne5 Rc2 40.Rxc2 Bxc2 41.Bf1 a5 42.Bc4+ Kh7 43.Bf7 Nd6
44.Bg6+ Kg8 45.Bc5 Bb3 46.Nc6 a4 47.g4 Bd5 48.Nd4 Bf7 49.gxf5 Bxg6 50.fxg6 Nf5
51.Bxf8 Nxd4 52.Bd6 Nc2 53.Be5 a3 54.f4 a2 55.Kg3 a1=Q 56.Bxa1 Nxa1 57.Kg4 Nb3
58.Kf5 Nc5 59.h4 Kf8 60.Ke5 Nd7+ 61.Kd6 Nf6  0-1

[Event "ISR-ch"]
[Site "Tel Aviv"]
[Date "1994.??.??"]
[Round "5"]
[White "Huzman, Alexander"]
[Black "Soffer, Ram"]
[Result "1/2-1/2"]
[WhiteElo "2575"]
[BlackElo "2515"]

1.Nf3 Nf6 2.c4 e6 3.g3 d5 4.Bg2 Be7 5.d4 O-O 6.O-O dxc4 7.Qc2 a6 8.a4 Bd7
9.Qxc4 Bc6 10.Bg5 Nbd7 11.Nc3 a5 12.Qd3 h6 13.Bxf6 Bxf6 14.e4 Ne5 15.Nxe5 Bxe5
16.Rfd1 Bd6 17.Qe3 Bb4 18.d5 exd5 19.Nxd5 Bxd5 20.Rxd5 Qe7 21.Rad1  1/2-1/2

[Event "ISR-ch"]
[Site "Tel Aviv"]
[Date "1994.??.??"]
[Round "6"]
[White "Manor, Ilan"]
[Black "Bruk, Ofer"]
[Result "1-0"]
[WhiteElo "2485"]
[BlackElo "2435"]

1.c4 e6 2.Nf3 Nf6 3.d4 d5 4.g3 Be7 5.Bg2 O-O 6.O-O dxc4 7.Ne5 c5 8.dxc5 Qc7
9.Nxc4 Qxc5 10.Qb3 Nc6 11.Be3 Qh5 12.Nc3 Ng4 13.h3 Nxe3 14.Nxe3 Bc5 15.Nc4 a6
16.e3 Ba7 17.Nd6 Rb8 18.Rfd1 Qe5 19.Nce4 Na5 20.Qa3 Nc6 21.Rac1 Rd8 22.Kh2 Bd7
23.Nxb7 Rxb7 24.Rxc6 Rf8 25.Rxa6 Qb8 26.Rad6 Be8 27.Ng5 Rxb2 28.Rd8 Qe5 29.Rxe8 Rxe8
30.Qe7 Rbb8 31.Qxf7+ Kh8  1-0

[Event "ISR-ch"]
[Site "Tel Aviv"]
[Date "1994.??.??"]
[Round "8"]
[White "Psakhis, Lev"]
[Black "Soffer, Ram"]
[Result "1-0"]
[WhiteElo "2605"]
[BlackElo "2515"]

1.c4 Nf6 2.Nf3 e6 3.g3 d5 4.d4 Be7 5.Bg2 O-O 6.Nc3 c6 7.O-O b6 8.Ne5 Bb7
9.e4 dxc4 10.Nxc4 b5 11.Ne5 Nfd7 12.Nd3 b4 13.Na4 Ba6 14.Re1 Bb5 15.Be3 Na6
16.b3 Rc8 17.Ndb2 c5 18.Bf1 Bxf1 19.Kxf1 cxd4 20.Bxd4 Nac5 21.Rc1 Qa5 22.Nc4 Qa6
23.Nxc5 Nxc5 24.Qe2 Rfd8 25.Red1 Nb7 26.Be3 Bc5 27.Ne5 Qxe2+ 28.Kxe2 Rxd1
29.Kxd1 Rd8+ 30.Ke2 Bxe3 31.Kxe3 Nd6 32.Nc6 Ra8 33.Rc5 Kf8 34.Nxb4 a5 35.Nc6 a4
36.b4 f6 37.f4  1-0

[Event "Ter Apel"]
[Site "Ter Apel"]
[Date "1994.??.??"]
[Round "4"]
[White "Andersson, Ulf"]
[Black "Portisch, Lajos"]
[Result "1/2-1/2"]
[WhiteElo "2620"]
[BlackElo "2605"]

1.c4 e6 2.Nf3 Nf6 3.g3 d5 4.d4 Be7 5.Bg2 O-O 6.O-O Nbd7 7.Qc2 c6 8.Bf4 b6
9.cxd5 cxd5 10.Qc6 Ba6 11.Nc3 Qc8 12.Qa4 Qc4 13.Qxc4 Bxc4 14.Rfc1 Rac8 15.Nd2 Ba6
16.a4 Nh5 17.Nb5 Nxf4 18.gxf4 Bb4 19.Nf3 Rxc1+ 20.Rxc1 Bxb5 21.axb5 Bd6 22.f5 exf5
23.Nh4 g6 24.Bxd5 Nf6 25.Bb3 Kg7 26.Nf3 Re8 27.Rc6 Bb8 28.Bc4 Ne4 29.Bd3 Nf6
30.Bc4 Ne4 31.h3 Re7 32.Kf1 Bc7 33.e3 Bb8 34.Bd3 Nf6 35.Nd2 Re8 36.Bc2 Nd5
37.Bb3 Ne7 38.Rc1 Nc8 39.Bc4 Ne7 40.Ke2 Ng8 41.Bd5 Rd8 42.Bb7 f4 43.Nf3 fxe3
44.fxe3 Nf6 45.e4 Ne8 46.Bc6 Nc7 47.d5 f5 48.Rf1 h6 49.Nd4 Kf6 50.Kd3 a6
51.bxa6 Nxa6 52.exf5 g5 53.Kc4 Be5 54.Ne6 Rb8 55.b4 Bd6 56.Nd4 Be5 57.Nf3 Bd6
58.Re1 Nc7 59.Nd4 h5 60.Nb5 Nxb5 61.Kxb5 Rd8  1/2-1/2

[Event "SVK-ch"]
[Site "Topolcianky"]
[Date "1994.??.??"]
[Round "11"]
[White "Priehoda, Vitezslav"]
[Black "Martiska, Peter"]
[Result "1/2-1/2"]
[WhiteElo "2400"]
[BlackElo "2310"]

1.d4 Nf6 2.c4 e6 3.g3 d5 4.Nf3 Be7 5.Bg2 c6 6.O-O O-O 7.Nbd2 Nbd7 8.Qc2 b6
9.b3 Bb7 10.Bb2 Rc8 11.Rad1 c5 12.dxc5 Bxc5 13.Qb1 dxc4 14.Nxc4 Qe7 15.Nd4 Bxg2
16.Kxg2 a6 17.Nf3 b5 18.Nce5 Nxe5 19.Bxe5 Ng4 20.Bd4 Rfd8 21.Qe4 Nf6 22.Bxf6 gxf6
23.Rxd8+ Qxd8 24.Rc1 Be7 25.Rxc8 Qxc8 26.g4 Kg7 27.Nd4 Qc5 28.e3 Qb6 29.f4 Bc5
30.Kf3 Qa5 31.g5 Bxd4 32.Qxd4 Qxa2 33.gxf6+ Kg6 34.Qd8 e5 35.Qg8+ Kxf6 36.Qg5+ Ke6
37.Qxe5+ Kd7 38.Qd5+ Ke7 39.Qc5+ Kd7 40.Qd5+ Ke7 41.h4 Qa1 42.Qc5+ Kd7 43.Qf5+ Ke7  1/2-1/2

[Event "Val Thorens Principal"]
[Site "Val Thorens"]
[Date "1994.??.??"]
[Round "9"]
[White "Lalic, Bogdan"]
[Black "Lacrosse, Marc"]
[Result "1-0"]
[WhiteElo "2530"]
[BlackElo "2240"]

1.Nf3 d5 2.c4 e6 3.g3 Nf6 4.Bg2 Be7 5.d4 O-O 6.O-O dxc4 7.Qc2 a6 8.a4 Bd7
9.Bg5 Bc6 10.Nc3 a5 11.e4 Na6 12.Qe2 Nxe4 13.Nxe4 Bxe4 14.Bxe7 Bxf3 15.Bxf3 Qxe7
16.Bxb7 Ra7 17.Bg2 Qb4 18.Rfc1 Rb8 19.d5 e5 20.Qxe5 Qxb2 21.Qe3 Qb6 22.Qf4 Qd6
23.Qxc4 Rab7 24.Qc3 Nb4 25.Re1 h6 26.Rad1 Rd8 27.Bf3 Rbb8 28.Re4 Re8 29.Rc4 Re7
30.Rc5 Ra8 31.Rb5 Ra7 32.Kg2 Kh7 33.Rd4 f5 34.Rc4 Re8 35.Rcc5 Rea8 36.h4 Kg8
37.Qb3 Kh7 38.Qb1  1-0

[Event "Velden op"]
[Site "Velden"]
[Date "1994.??.??"]
[Round "2"]
[White "Horvath, Jozsef"]
[Black "Kroencke, Manfred"]
[Result "1-0"]
[WhiteElo "2520"]
[BlackElo "2215"]

1.d4 d5 2.c4 e6 3.Nf3 Nf6 4.g3 Be7 5.Bg2 O-O 6.O-O Nbd7 7.Qc2 c6 8.b3 b6
9.Rd1 Bb7 10.Nc3 Rc8 11.e4 dxe4 12.Nxe4 c5 13.Nxf6+ Bxf6 14.Ng5 Bxg5 15.Bxb7 Rc7
16.Be4 f5 17.Bxg5 Qxg5 18.Bg2 cxd4 19.Rxd4 e5 20.Rd5 Qe7 21.Re1 Rc5 22.Qd2 Rc7
23.Qc3 Rc5 24.Qd4 Rc7 25.Rd6 Rf6 26.Qd5+ Kh8 27.Rxf6 gxf6 28.Qf3 Nc5 29.Qxf5 Ne6
30.Bd5 Nd4 31.Qg4 Qf8 32.Kg2 Rg7 33.Qh5 Qd8 34.f4 Nc2 35.Re2 Nd4 36.Re4 Qf8
37.fxe5 Rg5 38.Qh4 Nf5 39.Qf4 Qh6 40.exf6 Qxf6 41.Re8+  1-0

[Event "LTU-ch  Vilnius"]
[Site "Vilnius"]
[Date "1994.??.??"]
[Round "2"]
[White "Butnorius, Algimantas"]
[Black "Labuckas, Aidas"]
[Result "1-0"]
[WhiteElo "2450"]
[BlackElo "2250"]

1.d4 Nf6 2.Nf3 d5 3.c4 e6 4.g3 Be7 5.Bg2 O-O 6.O-O dxc4 7.Qc2 a6 8.a4 Nc6
9.Qxc4 Qd5 10.Nbd2 Rd8 11.e3 Qd6 12.Qe2 Qb4 13.Ne1 Qd6 14.Nd3 Qd7 15.Nc4 Qe8
16.Bd2 Nd5 17.Rfc1 a5 18.Na3 Bxa3 19.Rxa3 e5 20.Rc5 e4 21.Nf4 Nxf4 22.gxf4 Rd6
23.Rg5 h6 24.Rg3 Nb4 25.Qb5 Re6 26.f5 c6 27.Qe2 Rf6 28.Qg4 g6 29.Bxe4 Kg7
30.Bb1 Kh7 31.e4 Qf8 32.Qh4 Qg7 33.Raf3 Rd6 34.e5  1-0

[Event "Wattens op"]
[Site "Wattens"]
[Date "1994.??.??"]
[Round "7"]
[White "Hellwege, Werner"]
[Black "Fuchs, Georg"]
[Result "0-1"]
[WhiteElo "1830"]
[BlackElo "2240"]

1.d4 d5 2.Nf3 Nf6 3.c4 e6 4.g3 Be7 5.Bg2 O-O 6.O-O b6 7.Nc3 Bb7 8.cxd5 exd5
9.Bg5 h6 10.Bxf6 Bxf6 11.Rc1 c5 12.e3 Re8 13.dxc5 bxc5 14.Na4 c4 15.Nd4 Na6
16.b3 Bxd4 17.Qxd4 Qa5 18.Nc3 cxb3 19.axb3 Nb4 20.Rfd1 Red8 21.Na4 Rac8 22.Rc5 Rxc5
23.Qxc5 Qxc5 24.Nxc5 Bc6 25.Nd3 Nxd3 26.Rxd3 Kf8 27.e4 d4 28.e5 Bb5 29.Rd2 Ke7
30.f4 Ke6 31.Kf2 g5 32.Be4 f6 33.exf6 Kxf6 34.fxg5+ hxg5 35.Bd3 Bxd3 36.Rxd3 Ke5
37.h4 g4 38.b4 Ke4 39.Ra3 d3 40.Ke1 Kf3 41.h5 Kxg3 42.Kd2 Kf4 43.Rxa7 Kg5
44.Ra5+ Kh6 45.b5 g3 46.b6 g2 47.Ra1 Kxh5 48.Rg1 Rg8 49.b7 Kh4 50.b8=Q Rxb8
51.Kxd3 Kg3  0-1

[Event "Hoogovens-B"]
[Site "Wijk aan Zee"]
[Date "1994.??.??"]
[Round "2"]
[White "Hansen, Lars Bo"]
[Black "Vedder, Henk"]
[Result "1-0"]
[WhiteElo "2545"]
[BlackElo "2375"]

1.d4 d5 2.c4 e6 3.Nf3 Nf6 4.g3 Be7 5.Bg2 c6 6.Nc3 O-O 7.O-O a6 8.b3 b5 9.Ne5 Bb7
10.c5 Nfd7 11.f4 f6 12.Nd3 e5 13.fxe5 fxe5 14.e3 Rxf1+ 15.Qxf1 Bf6 16.Ne2 a5
17.Bb2 e4 18.Ndf4 Nxc5 19.Bh3 Nba6 20.dxc5 Bxb2 21.Be6+  1-0

[Event "Hoogovens-B"]
[Site "Wijk aan Zee"]
[Date "1994.??.??"]
[Round "9"]
[White "Cifuentes Parada, Roberto"]
[Black "Winants, Luc"]
[Result "1/2-1/2"]
[WhiteElo "2500"]
[BlackElo "2495"]

1.d4 Nf6 2.Nf3 d5 3.c4 e6 4.g3 Be7 5.Bg2 O-O 6.O-O dxc4 7.Qc2 a6 8.a4 Bd7
9.Ne5 Bc6 10.Nxc6 Nxc6 11.e3 Na5 12.Nd2 c5 13.dxc5 Rc8 14.b4 cxb3 15.Nxb3 Nd5
16.Bd2 Nxb3 17.Qxb3 Rxc5 18.Qxb7 Qc8 19.Qxc8 Rfxc8 20.a5 Bf6 21.Ra3 Nc3 22.Bf3 Rd8
23.Bxc3 Rxc3 24.Ra2 Be5 25.Bb7 Rc5  1/2-1/2

[Event "Zalakaros op"]
[Site "Zalakaros"]
[Date "1994.??.??"]
[Round "1"]
[White "Konopka, Michal"]
[Black "Porubszky Angyalosine, Maria A"]
[Result "1-0"]
[WhiteElo "2440"]
[BlackElo "2135"]

1.Nf3 d5 2.d4 e6 3.c4 Be7 4.g3 Nf6 5.Bg2 O-O 6.O-O dxc4 7.Qc2 a6 8.Qxc4 b5
9.Qc2 Bb7 10.Bg5 Nbd7 11.Bxf6 Nxf6 12.Nbd2 Rc8 13.Nb3 Be4 14.Qc3 Nd5 15.Qd2 c5
16.dxc5 Bxc5 17.Nxc5 Rxc5 18.Rfc1 Qc7 19.Rxc5 Qxc5 20.Rc1 Qb4 21.Qxb4 Nxb4
22.a3 Nc6 23.Ne1 Bxg2 24.Kxg2 Rc8 25.Nd3 Ne7 26.Rxc8+ Nxc8 27.Kf3 Kf8 28.Ke3 Ke7
29.Nb4 Nb6 30.Nxa6 Nc4+ 31.Kd4 Nxb2 32.Nc7 e5+ 33.Kc5 Nd1 34.f3 Nc3 35.Nd5+ Nxd5
36.Kxd5 f6 37.Kc5  1-0

[Event "Zalakaros op"]
[Site "Zalakaros"]
[Date "1994.??.??"]
[Round "8"]
[White "Mochalov, Evgeny V"]
[Black "Kiss, Attila"]
[Result "1-0"]
[WhiteElo "2450"]
[BlackElo "2340"]

1.d4 Nf6 2.c4 e6 3.g3 d5 4.Nf3 Be7 5.Bg2 O-O 6.O-O dxc4 7.Qc2 a6 8.a4 c5
9.dxc5 Nc6 10.Na3 Bxc5 11.Nxc4 Qe7 12.Nfe5 Nb4 13.Qb3 Nfd5 14.e4 Nc7 15.Bd2 Rb8
16.Rac1 Rd8 17.Rfd1 f6 18.Bxb4 Rxd1+ 19.Rxd1 Bxb4 20.Nd3 a5 21.Nxb4 axb4
22.Qd3 Ne8 23.Nb6 Kf7 24.Bh3 Qc5 25.a5 Qh5 26.Nxc8 Rxc8 27.Bxe6+  1-0

[Event "London SCCU op"]
[Site "London"]
[Date "1995.08.??"]
[Round "4"]
[White "Dive, Russell John"]
[Black "Maduekwe, Chiedu"]
[Result "1-0"]
[WhiteElo "2315"]
[BlackElo "2265"]

1.d4 d5 2.c4 e6 3.g3 Nf6 4.Bg2 Be7 5.Nf3 O-O 6.O-O c6 7.Qc2 b6 8.Rd1 Bb7
9.Nbd2 Qc8 10.e4 dxe4 11.Nxe4 Nbd7 12.Nc3 Rd8 13.Qe2 Bd6 14.b3 Qc7 15.Bb2 Re8
16.Rac1 Rad8 17.a3 a6 18.b4 Qb8 19.c5 bxc5 20.dxc5 Bf8 21.Nd4 Qc7 22.Ne4 Nd5
23.Nb3 f6 24.Na5 Bc8 25.Nc4 Nb8 26.Ned6 Bxd6 27.Nxd6 Rf8 28.Bh3 Rxd6 29.cxd6 Qxd6
30.Bd4 Re8 31.Bc5 Qd8 32.Ba7 Qc7 33.Bxb8 Qxb8 34.Rxc6 Bd7 35.Rcc1 Qb6 36.Qe4 f5
37.Qd4 Qxd4 38.Rxd4 g6 39.Bg2 Nf6 40.Rd6 Bb5 41.a4  1-0

[Event "Aars"]
[Site "Aars"]
[Date "1995.??.??"]
[Round "9"]
[White "Nielsen, Peter Heine"]
[Black "Kristensen, Jorgen Juul"]
[Result "1-0"]
[WhiteElo "2500"]
[BlackElo "2335"]

1.d4 Nf6 2.c4 e6 3.g3 d5 4.Nf3 Be7 5.Bg2 O-O 6.O-O dxc4 7.Qc2 a6 8.Qxc4 b5
9.Qc2 Bb7 10.Bf4 Nc6 11.Rd1 Nb4 12.Qc1 Nbd5 13.Nbd2 Nxf4 14.gxf4 c5 15.dxc5 Qc7
16.Nb3 Rac8 17.Ne5 Bxg2 18.Kxg2 Bxc5 19.Nxc5 Qxc5 20.Qxc5 Rxc5 21.Rac1 Rd5
22.Kf3 Rxd1 23.Rxd1 Nd5 24.e4 Nb4 25.a3 Nc2 26.Nc6 f5 27.e5  1-0

[Event "Aegina op"]
[Site "Aegina"]
[Date "1995.??.??"]
[Round "7"]
[White "Tsorbatzoglou, Theodoros"]
[Black "Wells, Peter K"]
[Result "0-1"]
[WhiteElo "2310"]
[BlackElo "2545"]

1.d4 d5 2.c4 e6 3.Nf3 Nf6 4.g3 Be7 5.Bg2 O-O 6.O-O dxc4 7.Qc2 a6 8.a4 Bd7
9.Qxc4 Bc6 10.Bg5 Bd5 11.Qd3 c5 12.Nc3 Bc6 13.e4 cxd4 14.Qxd4 h6 15.Be3 Nbd7
16.e5 Bc5 17.Qd2 Bxe3 18.Qxe3 Nd5 19.Nxd5 Bxd5 20.Rfc1 Rc8 21.Rxc8 Qxc8 22.Rc1 Qb8
23.Qc3 b6 24.Qc7 Nc5 25.Qxb8 Rxb8 26.Nd4 Bxg2 27.Kxg2 Nxa4 28.b4 Rd8 29.Nc6 Rd2
30.Kf3 Nb2 31.Ke3 Rxf2 32.Ne7+ Kh7 33.Nc8 b5 34.Rc6 Rxh2 35.Rxa6 Nc4+ 36.Kd4 Rd2+
37.Kc5 Rd5+ 38.Kc6 Nxe5+ 39.Kb7 Nd3 40.Ne7 Rd7+  0-1

[Event "Aegina op"]
[Site "Aegina"]
[Date "1995.??.??"]
[Round "8"]
[White "Wells, Peter K"]
[Black "Nenashev, Alexander"]
[Result "1/2-1/2"]
[WhiteElo "2545"]
[BlackElo "2585"]

1.d4 d5 2.c4 e6 3.Nf3 Nf6 4.g3 Be7 5.Bg2 O-O 6.O-O Nc6 7.b3 Ne4 8.Bb2 f5
9.Nc3 Bf6 10.e3 b6 11.Rc1 Bb7 12.Ne1 Ne7 13.Nd3 Qd7 14.Ne2 Rac8 15.f3 Nd6
16.Ne5 Bxe5 17.dxe5 Nf7 18.e4 c5 19.exd5 exd5 20.Nf4 Ng5 21.Qe2 Ne6 22.Nxd5 Nxd5
23.Rcd1 f4 24.cxd5 Bxd5 25.Rd2 Rcd8 26.Bh3 Qf7 27.Bxe6 Bxe6 28.g4 c4 29.Rxd8 Rxd8
30.bxc4 Bxc4 31.Rd1 Rxd1+ 32.Qxd1 Qd5 33.Qc1 Qd3 34.e6 Bxe6 35.Qc6 Qb1+ 36.Bc1 Kf7
37.a4 g5 38.Kg2 Qa2+ 39.Kg1 Qe2 40.Qc3 Bc4 41.h3 Qf1+ 42.Kh2 Qf2+ 43.Kh1 Qf1+
44.Kh2 Qe2+ 45.Kg1 Qd1+ 46.Kh2 Qxa4 47.Bb2 Qb3 48.Qf6+ Ke8 49.Qc6+ Ke7 50.Qc7+ Ke6
51.Qc6+  1/2-1/2

[Event "Andorra op"]
[Site "Andorra"]
[Date "1995.??.??"]
[Round "6"]
[White "Antunes, Antonio"]
[Black "Renteria, Jorge"]
[Result "1-0"]
[WhiteElo "2525"]
[BlackElo "2210"]

1.Nf3 d5 2.d4 Nf6 3.c4 e6 4.g3 Be7 5.Bg2 O-O 6.O-O b6 7.Qc2 Bb7 8.cxd5 exd5
9.Nc3 Na6 10.Rd1 c5 11.Bf4 c4 12.Ne5 Nc7 13.Nxc4 Ne6 14.Be5 Rc8 15.Ne3 b5
16.Qb3 a6 17.Ncxd5 Nxd5 18.Nxd5 Bxd5 19.Bxd5 Nc7 20.Bb7 Rb8 21.Bg2 Bd6 22.Bxd6 Qxd6
23.Rac1 Rb6  1-0

[Event "Antwerp op"]
[Site "Antwerp"]
[Date "1995.??.??"]
[Round "1"]
[White "Straat, Evert Jan"]
[Black "Winants, Luc"]
[Result "0-1"]
[WhiteElo "2225"]
[BlackElo "2480"]

1.d4 Nf6 2.Nf3 d5 3.c4 e6 4.g3 Be7 5.Bg2 O-O 6.O-O dxc4 7.Qc2 a6 8.a4 Bd7
9.Qxc4 Bc6 10.Qc2 a5 11.Nc3 Na6 12.e4 Nb4 13.Qe2 b6 14.Rd1 Bb7 15.e5 Nfd5
16.h4 c5 17.Bg5 cxd4 18.Rxd4 Re8 19.Rad1 Qb8 20.Bxe7 Rxe7 21.Nb5 Ba6 22.h5 h6
23.Rg4 Bxb5 24.axb5 Rc7 25.Nd4 Qc8 26.Qd2 Kf8 27.Kh2 Rc5 28.Re4 Ra7 29.f4 Rac7
30.Re2 Rc1 31.Rxc1 Rxc1 32.Bxd5 Nxd5 33.Nc6 Rc5 34.Qd3 Kg8 35.Rc2 Kf8 36.Rc4 Rxb5  0-1

[Event "Antwerp op"]
[Site "Antwerp"]
[Date "1995.??.??"]
[Round "4"]
[White "Akesson, Ralf"]
[Black "Wells, Peter K"]
[Result "1-0"]
[WhiteElo "2465"]
[BlackElo "2545"]

1.c4 e6 2.Nf3 d5 3.g3 Nf6 4.d4 Be7 5.Bg2 O-O 6.O-O dxc4 7.Qc2 a6 8.a4 Bd7
9.Qxc4 Bc6 10.Bg5 Bd5 11.Qd3 c5 12.Nc3 Bc6 13.Rfd1 cxd4 14.Nxd4 Bxg2 15.Kxg2 Qa5
16.Bxf6 Bxf6 17.Ne4 Nd7 18.Nb3 Qb4 19.Rac1 Qxa4 20.Nbc5 Nxc5 21.Nxf6+ gxf6
22.Rxc5 Rac8 23.Rh5 Qc2 24.Qf3 f5 25.Rd4 Qc6 26.e4 Rcd8 27.Qe3 f6 28.Rxd8 Rxd8
29.Qh6 Rd7 30.Qxf6 Qxe4+ 31.f3 Qe2+ 32.Kh3 Rg7 33.Qd8+ Kf7 34.Rh6 Qf1+ 35.Kh4 Qc4+
36.f4 Rg4+ 37.Kh5  1-0

[Event "ARG-ch"]
[Site "?"]
[Date "1995.??.??"]
[Round "2"]
[White "Slipak, Sergio"]
[Black "Morovic Fernandez, Ivan"]
[Result "1/2-1/2"]
[WhiteElo "2520"]
[BlackElo "2585"]

1.d4 Nf6 2.c4 e6 3.g3 d5 4.Bg2 Be7 5.Nf3 O-O 6.Nc3 b6 7.cxd5 exd5 8.O-O Bb7
9.Bg5 Na6 10.Ne5 c5 11.dxc5 Nxc5 12.Rc1 Re8 13.Nd3 Nce4 14.Bf4 Rc8 15.Nb5 Qd7
16.Nd4 Rxc1 17.Qxc1 Rc8 18.Qd1 Bc5 19.Ne5 Qe8 20.Nef3 Ba6  1/2-1/2

[Event "AUT-chT2W 9596"]
[Site "Austria"]
[Date "1995.??.??"]
[Round "?"]
[White "Nindl, Guenther"]
[Black "Gottsmann, Herbert"]
[Result "1/2-1/2"]
[WhiteElo "2235"]
[BlackElo "2135"]

1.d4 d5 2.c4 e6 3.Nf3 Nf6 4.g3 Be7 5.Bg2 O-O 6.O-O dxc4 7.Qc2 a6 8.a4 Bd7
9.Qxc4 Bc6 10.Nc3 b5 11.Qd3 b4 12.Nb1 Be4 13.Qd1 c5 14.Nbd2 Bb7 15.dxc5 Nbd7
16.Nb3 Nxc5 17.Qxd8 Rfxd8 18.Na5 Bd5 19.Ne5 Bxg2 20.Kxg2 Rd5 21.Nec6 Bd8
22.Nxd8 Raxd8 23.Be3 Re8 24.Rfc1 Nd3 25.exd3 Rxa5 26.Rc4  1/2-1/2

[Event "AUT-chT9495"]
[Site "?"]
[Date "1995.??.??"]
[Round "?"]
[White "Horvath, Csaba"]
[Black "Brestian, Egon"]
[Result "1-0"]
[WhiteElo "2540"]
[BlackElo "2445"]

1.d4 d5 2.c4 e6 3.Nf3 Nf6 4.g3 Be7 5.Bg2 O-O 6.O-O b6 7.cxd5 exd5 8.Nc3 Bb7
9.Ne5 Nbd7 10.Qa4 Nxe5 11.dxe5 Ne8 12.Nxd5 Bxd5 13.Rd1 c6 14.e4 Nc7 15.exd5 cxd5
16.Be3 Bc5 17.Bxc5 bxc5 18.Rac1 Qe7 19.Bxd5 Rab8 20.b3 Qxe5 21.Qc4 Nxd5 22.Rxd5 Qb2
23.Qc2 Qa3 24.Rxc5 h6 25.Rc4 Rb4 26.Rc8 Rb8 27.Rc4 Rb4 28.Rxb4 Qxb4 29.Qc5 Qd2
30.Qc2 Qb4 31.Kg2 Rd8 32.Qc4 Qd2 33.Rc2 Qd1 34.Re2 Qd7 35.Re5 g6 36.Qe4 a6
37.Re7 Qd6 38.b4 h5 39.h4 Rb8 40.a3 Rd8 41.Ra7 Rb8 42.Qc4  1-0

[Event "AUT-chT9495"]
[Site "?"]
[Date "1995.??.??"]
[Round "?"]
[White "Teske, Henrik"]
[Black "Tolnai, Tibor"]
[Result "1-0"]
[WhiteElo "2465"]
[BlackElo "2470"]

1.d4 Nf6 2.c4 e6 3.g3 d5 4.Nf3 Be7 5.Bg2 O-O 6.O-O c6 7.Nc3 Nbd7 8.cxd5 cxd5
9.Bf4 Nh5 10.Rc1 Nxf4 11.gxf4 Bd6 12.Ne5 Nb6 13.Qb3 Bd7 14.Rc2 Bxe5 15.fxe5 Bc6
16.Qb4 Qh4 17.b3 f6 18.f4 fxe5 19.dxe5 Nc8 20.e3 Ne7 21.Ne2 Nf5 22.Rc3 a5
23.Qb6 Ra6 24.Qc5 Bd7 25.Nd4 Nxd4 26.Qxd4 Bb5 27.Rfc1 Rc6 28.Rc5 Rfc8 29.f5  1-0

[Event "AUT-chT2O 9596"]
[Site "AUT"]
[Date "1995.??.??"]
[Round "2"]
[White "Haba, Petr"]
[Black "Ribli, Zoltan"]
[Result "1/2-1/2"]
[WhiteElo "2455"]
[BlackElo "2590"]

1.d4 Nf6 2.c4 e6 3.g3 d5 4.Bg2 Be7 5.Nf3 O-O 6.O-O Nbd7 7.Qc2 c6 8.b3 b6
9.Rd1 Ba6 10.Nbd2 Rc8 11.e4 c5 12.exd5 exd5 13.Bb2 Bb7 14.Qf5 dxc4 15.Nxc4 b5
16.Ne3 Re8 17.Ne5 Bxg2 18.Kxg2 Qc7 19.Nxd7 Nxd7 20.dxc5 Nxc5 21.Nd5 Qc6 22.Rac1 Bf8
23.Qf3 Qa8 24.Ne3  1/2-1/2

[Event "AUT-chT2O 9596"]
[Site "AUT"]
[Date "1995.??.??"]
[Round "4"]
[White "Ribli, Zoltan"]
[Black "Dobias, Richard"]
[Result "1-0"]
[WhiteElo "2590"]
[BlackElo "2205"]

1.c4 e6 2.g3 d5 3.Bg2 Nf6 4.Nf3 Be7 5.d4 O-O 6.O-O dxc4 7.Qc2 a6 8.a4 Bd7
9.Rd1 Bc6 10.Nc3 Nbd7 11.e4 b5 12.d5 exd5 13.e5 Ne4 14.Nxd5 Nec5 15.Nxe7+ Qxe7
16.Ng5 Nd3 17.Bxc6 N7xe5 18.Bxa8 Rxa8 19.Bf4  1-0